00441cam a2200169ua 45000010005000000080039000050200018000440400009000620820008000711000030000792450041001092500009001502600045001593000017002046530019002217000031002405244120306n ii |||gr||||Z||||||eng a81-85392-22-6 cMAIN a821 aMchenry, Robert,eEditor,11aCrities on Drydencby Robert Mchenry a1st. aNew Delhi:bUniversal book stall,c1994. a114p:c23cm. aEnglish poetry aLougee, David G.,eEditor,